[Event "2x2: desempate"]
[Site "http://www.queenalice.com/game.php?id=589461"]
[Date "2009.5.16"]
[Round "-"]
[White "adriana_paixao"]
[Black "cesarcalegari"]
[Result "1-0"]
[WhiteElo "1629"]
[BlackElo "1266"]

1. e4 e5 2. b3 Qf6 3. Bb2 Bc5 4. f3 g5 5. h3 Nh6 6. Na3 g4 7. hxg4 Nxg4 8. Nh3
d5 9. exd5 e4 10. Bxf6 exf3 11. Bxh8 Bf2+ 12. Nxf2 fxg2 13. Bxg2 Na6 14. Nxg4
Nb4 15. Nb5 Bf5 16. d3 O-O-O 17. Rh4 Rxh8 18. Nxa7+ Kb8 19. Nb5 Re8+ 20. Kf1 c6
21. Nd6 Rd8 22. Nxf5 Nxd5 23. Rxh7 Nc3 24. Qe1 b5 25. Bxc6 b4 26. Qe7 Rc8 27.
Qb7# 1-0

[Event "2x2: desepate"]
[Site "http://www.queenalice.com/game.php?id=589462"]
[Date "2009.5.16"]
[Round "-"]
[White "cesarcalegari"]
[Black "adriana_paixao"]
[Result "0-1"]
[WhiteElo "1278"]
[BlackElo "1613"]

1. e4 e6 2. Qf3 Nc6 3. c3 Ne5 4. Qf4 Qf6 5. d4 Ng6 6. Qxc7 Nh6 7. Na3 Ng4 8. Nh3
a6 9. e5 Qf5 10. Bg5 Be7 11. Nc4 O-O 12. f3 Nh6 13. Bxe7 Nxe7 14. Nd6 Qc2 15.
Ng5 Qxb2 16. Rd1 Nd5 17. Qc5 Ne3 18. Rd2 Qb1+ 19. Kf2 Nxf1 20. Rxf1 Qg6 21. h4
Nf5 22. d5 Nxh4 23. f4 Nf5 24. dxe6 dxe6 25. Ngxf7 Nxd6 26. f5 Nxf5 27. Nd6
Nxd6+ 28. Ke1 Qe4+ 29. Re2 Qb1+ 30. Kd2 Qxf1 31. Qxd6 b5 32. Re1 Rf2+ 33. Kd1
Qxg2 34. Qd8+ Rf8 35. Qd6 Bb7 36. Qxe6+ Kh8 37. Re2 Rad8+ 38. Kc1 Qxe2 39. Qh3
Rd1# 0-1

[Event "Challenge"]
[Site "http://www.queenalice.com/game.php?id=593352"]
[Date "2009.5.25"]
[Round "-"]
[White "adriana_paixao"]
[Black "ReidoBaralho"]
[Result "1/2-1/2"]
[WhiteElo "1596"]
[BlackElo "1461"]

1. e4 e5 2. b3 Qh4 3. g3 Qxe4+ 4. Qe2 Qxh1 5. Qxe5+ Ne7 6. Ne2 Qxh2 7. Ba3 d6 8.
Qf4 Qh5 9. Nbc3 Ng6 10. Qe3+ Ne5 11. Nd5 Na6 12. f4 c6 13. fxe5 cxd5 14. exd6+
Be6 15. d7+ Kxd7 16. Bxf8 Rhxf8 17. Nf4 Qh1 18. Nxe6 Rfe8 19. O-O-O Rxe6 20. Qd4
Nc7 21. Qxg7 d4 22. Qxf7+ Kc6 23. Bb5+ Kxb5 24. Rxh1 Kb6 25. Kb2 Rae8 26. Rxh7
R8e7 27. Qxe7 Rxe7 28. Rxe7 Kc6 29. a4 Nd5 30. Re6+ Kc5 31. Re5 Kd6 32. Re8 Nf6
33. Rd8+ Nd7 34. g4 Ke7 35. Ra8 a5 36. Rxa5 b6 37. Rd5 Nf6 38. Rxd4 Ke6 39. c4
Ke5 40. Kc3 Ke6 41. g5 Nh5 42. g6 Kf5 43. Rd5+ 1/2-1/2

[Event "Challenge"]
[Site "http://www.queenalice.com/game.php?id=810050"]
[Date "2010.7.28"]
[Round "-"]
[White "adriana_paixao"]
[Black "mapecole"]
[Result "1-0"]
[WhiteElo "1513"]
[BlackElo "1355"]

1. e4 e5 2. Qf3 Nc6 3. Bc4 f6 4. Ne2 Nb4 5. Na3 c6 6. O-O Bc5 7. c3 Qa5 8. d4
exd4 9. cxd4 d5 10. exd5 Ne7 11. dxc5 Qxc5 12. Be3 Qd6 13. Rad1 cxd5 14. Bf4 Bf5
15. Bxd6 Ng6 16. Qxf5 dxc4 17. Qe6+ 1-0

[Event "Challenge"]
[Site "http://www.queenalice.com/game.php?id=810051"]
[Date "2010.7.28"]
[Round "-"]
[White "adriana_paixao"]
[Black "wladimir"]
[Result "1-0"]
[WhiteElo "1487"]
[BlackElo "1445"]

1. e4 e5 2. Qf3 Nf6 3. Bc4 Nc6 4. c3 Bc5 5. Ne2 d6 6. h3 a6 7. a4 Na5 8. Bd3 g6
9. b4 Nb3 10. bxc5 Nxa1 11. O-O Bd7 12. a5 b5 13. axb6 cxb6 14. cxb6 Qxb6 15.
Qxf6 Rg8 16. Ba3 Qd8 17. Qxd6 Qe7 18. Qxe7# 1-0

[Event "Challenge"]
[Site "http://www.queenalice.com/game.php?id=810116"]
[Date "2010.7.28"]
[Round "-"]
[White "adriana_paixao"]
[Black "crisvolei"]
[Result "0-1"]
[WhiteElo "1518"]
[BlackElo "1560"]

1. e4 e5 2. Qf3 Nh6 3. Bc4 d5 4. Bxd5 c6 5. Bb3 Qd4 6. Ne2 Qb6 7. d3 Bg4 8. Qe3
Bb4+ 9. Bd2 Bc5 10. d4 exd4 11. Qf4 d3 12. cxd3 Bb4 13. Bxb4 Qxb4+ 14. Nec3 Qd4
15. Kd2 O-O 16. Re1 Nd7 17. h3 Nc5 18. Bc2 Bh5 19. g4 Bg6 20. Na3 Rae8 21. g5
Nf5 22. Nc4 b5 23. Na5 Nxe4+ 24. Rxe4 Rxe4 25. Nxe4 Qxb2 26. Rb1 Qxa2 27. Nxc6
Rc8 28. Nb4 Qa5 29. h4 Nd4 30. Nd6 Rxc2+ 31. Ke3 Re2+ 32. Kxd4 Qb6+ 33. Kc3 Rxf2
34. Qe5 Qc7+ 35. Kd4 Qb6+ 36. Kc3 h5 37. gxh6 gxh6 38. Qe8+ Kg7 39. Qxb5 Qxd6
40. Nd5 Qe5+ 41. d4 Qg3+ 42. Kc4 Bd3+ 43. Kc5 Rc2+ 44. Nc3 Rxc3+ 0-1

[Event "Challenge"]
[Site "http://www.queenalice.com/game.php?id=810117"]
[Date "2010.7.28"]
[Round "-"]
[White "adriana_paixao"]
[Black "betogroo"]
[Result "1-0"]
[WhiteElo "1481"]
[BlackElo "1496"]

1. e4 e5 2. Qf3 c6 3. Bc4 f6 4. Nc3 Bc5 5. Nge2 Ne7 6. a4 Na6 7. b3 Nb4 8. O-O
d5 9. exd5 cxd5 10. Bb5+ Bd7 11. Bxd7+ Qxd7 12. Rd1 O-O-O 13. d4 Nxc2 14. Ra2
Nb4 15. Rad2 exd4 16. Nxd4 Bb6 17. Ncb5 Nec6 18. Nxc6 bxc6 19. Nc3 d4 20. Ne4
Nd5 21. Bb2 f5 22. Bxd4 fxe4 23. Qxe4 Bc7 24. Bxa7 Qd6 25. g3 Rhe8 26. Qxh7 Qe5
27. Bd4 Qg5 28. Bxg7 Nf6 29. Rxd8+ Rxd8 30. Qh3+ Qg4 31. Qxg4+ Nxg4 32. Rxd8+
Kxd8 33. h3 Ne5 34. Bxe5 Bxe5 35. f4 Bc3 36. g4 c5 37. g5 Bd4+ 38. Kg2 Be3 39.
Kg3 Ke7 40. h4 Kf7 41. Kg4 Bd4 42. f5 Bg7 43. g6+ Kf6 44. h5 Bh6 45. a5 1-0

[Event "Challenge"]
[Site "http://www.queenalice.com/game.php?id=810118"]
[Date "2010.7.28"]
[Round "-"]
[White "adriana_paixao"]
[Black "nickpet"]
[Result "0-1"]
[WhiteElo "1507"]
[BlackElo "1593"]

1. e4 e5 2. Qf3 d6 3. Bc4 f6 4. b4 a6 5. Nc3 b5 6. Bd5 c6 7. Bxg8 Rxg8 8. Qh5+
g6 9. Qxh7 Rg7 10. Qh4 g5 11. Qg3 a5 12. bxa5 Qxa5 13. a3 b4 14. Bb2 bxc3 15.
dxc3 Qb5 16. Ne2 Qxb2 17. O-O Qxc2 18. f3 Qxe2 19. Qe1 Qc4 20. g3 Qf7 21. g4 Rh7
22. Qb1 Qg6 23. Qb6 Qh6 24. Rf2 Ra6 25. Qxb8 Kd8 26. Kf1 Qh3+ 27. Ke2 Rb7 28.
Qxb7 Bxb7 29. Rb1 Kc8 30. Rb3 d5 31. exd5 cxd5 32. Ke3 Bc5+ 33. Kd3 Bxf2 0-1

[Event "Challenge"]
[Site "http://www.queenalice.com/game.php?id=810119"]
[Date "2010.7.28"]
[Round "-"]
[White "adriana_paixao"]
[Black "ananda"]
[Result "0-1"]
[WhiteElo "1523"]
[BlackElo "1574"]

1. e4 d6 2. Qf3 Nf6 3. Bc4 Bg4 4. Qf4 e5 5. Qg5 g6 6. f3 Bd7 7. Nc3 Bg7 8. b3
O-O 9. Nd5 Nc6 10. Ne2 a6 11. a4 Nxd5 12. Qxd8 Rfxd8 13. Bxd5 Rab8 14. h4 Nb4
15. O-O Nxd5 16. exd5 e4 17. Nc3 exf3 18. Rxf3 Bg4 19. Rf2 Bd4 20. Bb2 Re8 21.
Rf1 Re7 22. b4 Rbe8 23. b5 Re1 24. Rxe1 Rxe1+ 25. Kh2 Bxf2 26. bxa6 bxa6 27. a5
Bd4 28. Na4 Bxb2 29. Nxb2 Rb1 30. Nd3 Bf5 31. Nf2 Bxc2 32. d4 Rb5 33. g4 Rxa5
34. g5 Ra2 35. Ng4 Bf5+ 36. Kg3 Bxg4 37. Kxg4 Rf2 38. h5 Rf5 39. hxg6 fxg6 0-1

[Event "Challenge"]
[Site "http://www.queenalice.com/game.php?id=810125"]
[Date "2010.7.28"]
[Round "-"]
[White "adriana_paixao"]
[Black "Alexandre_lima"]
[Result "1-0"]
[WhiteElo "1487"]
[BlackElo "1237"]

1. e4 Nf6 2. Qf3 d5 3. e5 Ng4 4. Qf4 f6 5. exf6 gxf6 6. h3 e5 7. Qa4+ Bd7 8. Qb3
Nh6 9. Qxb7 Bc6 10. Bb5 Nd7 11. Qxc6 Be7 12. Qxd5 Rb8 13. Bc4 Kf8 14. d3 Rg8 15.
Bxh6+ Rg7 16. Qg8# 1-0

[Event "Challenge"]
[Site "http://www.queenalice.com/game.php?id=810126"]
[Date "2010.7.28"]
[Round "-"]
[White "adriana_paixao"]
[Black "claudiocaire"]
[Result "0-1"]
[WhiteElo "1531"]
[BlackElo "1482"]

1. e4 e5 2. Qf3 f6 3. b3 Nc6 4. Ne2 Nb4 5. Na3 c6 6. Nc3 d5 7. exd5 cxd5 8. Bb5+
Kf7 9. O-O a6 10. Be2 Ne7 11. d3 h5 12. h4 Nbc6 13. Be3 d4 14. Bd2 dxc3 15. Bxc3
Ng6 16. Qe4 f5 17. Qc4+ Ke7 18. Bb4+ Nxb4 19. Qxb4+ Ke8 20. Qc3 Bxa3 21. Rad1
Bd6 22. g3 f4 23. gxf4 Qxh4 24. Kg2 Qh3+ 25. Kg1 Nxf4 26. Qd2 Qg2# 0-1

[Event "Challenge"]
[Site "http://www.queenalice.com/game.php?id=810127"]
[Date "2010.7.28"]
[Round "-"]
[White "adriana_paixao"]
[Black "LEOKnopp"]
[Result "0-1"]
[WhiteElo "1504"]
[BlackElo "1475"]

1. e4 e5 2. Qf3 Nf6 3. Bc4 Nc6 4. Ne2 Bc5 5. Na3 d6 6. c3 Bg4 7. Qg3 h5 8. h3
Nxe4 9. Qd3 Nxf2 10. Qg3 Nxh1 11. Qh2 Qh4+ 12. Ng3 Bf2+ 13. Kf1 Nxg3+ 14. Kxf2
Nh1+ 15. Kg1 Na5 16. Qxh1 Nxc4 17. Nxc4 Qe1+ 18. Kh2 Qf2 19. Na5 Bf3 20. d4 h4
21. Nc4 Qg3+ 22. Kg1 Rh5 23. Nd2 Rf5 24. Nf1 Qe1 25. gxf3 e4 26. Kh2 Rxf3 27.
Qxf3 exf3 28. Nd2 Qf2+ 0-1

[Event "Challenge"]
[Site "http://www.queenalice.com/game.php?id=810134"]
[Date "2010.7.28"]
[Round "-"]
[White "adriana_paixao"]
[Black "cristolifer"]
[Result "1-0"]
[WhiteElo "1488"]
[BlackElo "1487"]

1. e4 e6 2. Qf3 Nf6 3. e5 Ng8 4. Nc3 a6 5. Bxa6 bxa6 6. Qxa8 Nc6 7. Qxc6 dxc6 8.
d4 Qxd4 9. Nf3 Qg4 10. Kf1 Qc4+ 11. Kg1 Bb4 12. a3 Bxc3 13. bxc3 Qxc3 14. Ra2
Bb7 15. Bd2 Qc4 16. Rb2 Qe2 17. Rxb7 Qd1+ 18. Be1 Qxc2 19. Rxc7 Qe4 20. Rc8+ Ke7
21. h4 h5 22. Rc7+ Ke8 23. Rc8+ Kd7 24. Ra8 c5 25. Rxa6 Qb7 26. Ra5 c4 27. Ng5
Nh6 28. Rh3 Qb8 29. Rf3 Rf8 30. Bc3 Qb6 31. Ne4 Rc8 32. Nd6 Ng4 33. Rxf7+ Kc6
34. Rb5 Qa7 35. Rxa7 Rf8 36. Bd4 Rf4 37. Ra6+ Kd7 38. Rb7+ Kd8 39. Ra8# 1-0

[Event "Challenge"]
[Site "http://www.queenalice.com/game.php?id=810220"]
[Date "2010.7.29"]
[Round "-"]
[White "adriana_paixao"]
[Black "claudiocaire"]
[Result "1-0"]
[WhiteElo "1493"]
[BlackElo "1454"]

1. e4 e5 2. Qf3 f6 3. b3 Bc5 4. Nc3 Nc6 5. Nge2 Nb4 6. Kd1 Nh6 7. Ba3 Nxc2 8.
Kxc2 Bxa3 9. Nd5 c6 10. b4 cxd5 11. Qxa3 dxe4 12. g3 Qc7+ 13. Nc3 Qc6 14. Bb5
Qd6 15. Nxe4 Qd5 16. Rhe1 Qxb5 17. Nd6+ Kd8 18. Nxb5 Ng4 19. Nd6 Nxf2 20. Nf7+
Ke8 21. Nxh8 d6 22. h4 Bf5+ 23. Kb3 Ne4 24. Rad1 Nxg3 25. Qa4+ Kf8 26. Qb5 Rb8
27. d4 Kg8 28. dxe5 dxe5 29. Rg1 Nh5 30. Qd5+ Kf8 31. Qf7# 1-0

[Event "Challenge"]
[Site "http://www.queenalice.com/game.php?id=810603"]
[Date "2010.7.29"]
[Round "-"]
[White "adriana_paixao"]
[Black "RATATUNES"]
[Result "0-1"]
[WhiteElo "1494"]
[BlackElo "1573"]

1. e4 e5 2. Qf3 Nf6 3. Bc4 Bc5 4. b3 Nc6 5. Ne2 Nb4 6. Na3 d6 7. h3 c6 8. Nc3 b5
9. Be2 Na6 10. g4 b4 11. g5 bxa3 12. gxf6 Qxf6 13. Qxf6 gxf6 14. Na4 Nb4 15. Bd1
Bd4 16. Nc3 f5 17. Bxa3 Rb8 18. O-O fxe4 19. Re1 d5 20. Bg4 Nxc2 21. Bxc8 Rxc8
22. Bd6 Nxa1 23. Rxa1 Rg8+ 24. Kf1 Rd8 25. Bb4 f5 26. a4 Rd7 27. a5 Rdg7 28. Ke2
f4 29. f3 Rg2+ 30. Kd1 Rg1+ 0-1

[Event "Challenge"]
[Site "http://www.queenalice.com/game.php?id=810604"]
[Date "2010.7.29"]
[Round "-"]
[White "adriana_paixao"]
[Black "edsonjob"]
[Result "0-1"]
[WhiteElo "1501"]
[BlackElo "1553"]

1. e4 e5 2. Qf3 Nf6 3. Bc4 Qe7 4. b3 Nc6 5. Ne2 Nb4 6. Na3 d6 7. Nc3 c6 8. O-O
d5 9. exd5 Nbxd5 10. Nxd5 cxd5 11. Bb5+ Bd7 12. Bxd7+ Qxd7 13. c4 e4 14. Qh3
O-O-O 15. Qxd7+ Rxd7 16. cxd5 Rxd5 17. Bb2 Kc7 18. Rac1+ Kb6 19. Nc4+ Kb5 20.
Bc3 Bb4 21. Bxb4 Kxb4 22. f3 b5 23. fxe4 Rc5 24. Nd6 Nd7 25. Rxc5 Kxc5 26. Nxf7
Rf8 27. Rc1+ Kd4 28. Ng5 Re8 29. h4 h6 30. Nf7 Rxe4 31. Nd6 Re5 32. Rc7 Nf6 33.
Rxa7 Ng4 34. Rd7 Re1# 0-1

[Event "Challenge"]
[Site "http://www.queenalice.com/game.php?id=810606"]
[Date "2010.7.29"]
[Round "-"]
[White "adriana_paixao"]
[Black "heberesteves"]
[Result "0-1"]
[WhiteElo "1504"]
[BlackElo "1513"]

1. e4 e5 2. Qf3 Nf6 3. Bc4 d6 4. b3 a6 5. Bb2 b5 6. Bd3 Nc6 7. Ne2 Nb4 8. Na3 c5
9. Nc3 Be7 10. O-O O-O 11. Bc1 Ra7 12. Be2 Qa5 13. d3 Qb6 14. Qg3 Be6 15. Bh6 g6
16. Bxf8 Bxf8 17. h3 a5 18. Naxb5 Ra8 19. f4 Nxc2 20. Rac1 Nd4 21. Nxd4 Bd7 22.
Nd5 Nxd5 23. exd5 cxd4 24. fxe5 dxe5 25. Qxe5 Re8 26. Qf4 Re7 27. Bg4 Be8 28.
Rc8 Qb7 29. Rxe8 Rxe8 30. Qxd4 Qc7 31. h4 Bc5 32. Qxc5 Qxc5+ 0-1

[Event "Challenge"]
[Site "http://www.queenalice.com/game.php?id=810608"]
[Date "2010.7.29"]
[Round "-"]
[White "adriana_paixao"]
[Black "jw16js"]
[Result "0-1"]
[WhiteElo "1509"]
[BlackElo "1365"]

1. e4 e5 2. Qf3 Nf6 3. Bc4 Nc6 4. Ne2 d6 5. h3 a6 6. b3 Nb4 7. Na3 b5 8. Bxf7+
Kxf7 9. Nc3 Be6 10. Bb2 d5 11. exd5 Bxd5 12. Nxd5 e4 13. Bxf6 Qxd5 14. c4 Nd3+
15. Kf1 exf3 16. cxd5 gxf6 17. gxf3 Bxa3 18. Ke2 Nc5 19. d4 Rae8+ 20. Kd2 Nb7
21. f4 Nd6 22. Kd3 b4 23. h4 Rhg8 24. f3 Rg3 25. Rhf1 Bb2 26. Rab1 Ba3 27. h5
Rh3 28. Rh1 Rxf3+ 29. Kc2 Re2+ 30. Kd1 Rxa2 31. Rc1 Rd3+ 32. Ke1 Bxc1 33. Rh4
Re3+ 0-1

[Event "Challenge"]
[Site "http://www.queenalice.com/game.php?id=810648"]
[Date "2010.7.29"]
[Round "-"]
[White "ananda"]
[Black "adriana_paixao"]
[Result "1/2-1/2"]
[WhiteElo "1599"]
[BlackElo "1487"]

1. d4 e6 2. c4 d5 3. Nf3 dxc4 4. e4 Nc6 5. Nc3 g6 6. Bxc4 Bg7 7. O-O f5 8. e5 a6
9. a4 Na5 10. Ba2 c6 11. b4 b6 12. bxa5 bxa5 13. Ba3 Nh6 14. Nd2 Qxd4 15. Rc1
Bxe5 16. Nf3 Qxd1 17. Rfxd1 Bf4 18. Rc2 Nf7 19. Re2 Ng5 20. Nxg5 Bxg5 21. Bxe6
Bxe6 22. Rxe6+ Kf7 23. Rxc6 Rhc8 24. Rd7+ Ke8 25. Rdc7 Rxc7 26. Rxc7 Rd8 27. g3
Rd3 28. f4 Bf6 29. Bb2 h5 30. Rc6 Bd4+ 31. Kf1 Rd2 32. Rd6 Bxc3 33. Rxd2 Bxd2
34. Ke2 Bb4 35. Kd3 Be1 36. Ke3 Bb4 37. Kd4 Kd7 38. Bc3 Bxc3+ 39. Kxc3 Kc6 40.
Kd4 Kd6 41. h4 Kc6 42. Kc4 Kb6 43. Kd5 Kb7 44. Ke6 Kc6 45. Kf6 Kc5 46. Kxg6 Kb4
47. Kxf5 Kxa4 48. Kg5 Kb5 49. f5 1/2-1/2

[Event "Challenge"]
[Site "http://www.queenalice.com/game.php?id=811341"]
[Date "2010.7.31"]
[Round "-"]
[White "betogroo"]
[Black "adriana_paixao"]
[Result "0-1"]
[WhiteElo "1490"]
[BlackElo "1503"]

1. e4 d5 2. f3 Nf6 3. e5 Nh5 4. d3 Nc6 5. f4 b5 6. Qxh5 Nd4 7. Na3 g6 8. Qh4 e6
9. Qf2 c5 10. c3 Qa5 11. Bd2 Nf5 12. c4 Qb6 13. Nxb5 dxc4 14. dxc4 Nd4 15. Nxd4
cxd4 16. Rc1 Qxb2 17. Nf3 Bc5 18. Bd3 Bb4 19. Bxb4 Qxc1+ 20. Ke2 Qxh1 21. Be1
Rb8 22. c5 Rb2+ 23. Bd2 Rxa2 24. Qxd4 Qxg2+ 25. Ke3 Bb7 26. Bb5+ Kf8 27. Qd8+
Kg7 28. Qf6+ Kg8 29. Qd8+ Kg7 30. Ng5 Rxd8 0-1